|
|
|
|
| LEADER |
00885nam a22001937a 4500 |
| 008 |
130704b xxu||||| |||| 00| 0 eng d |
| 999 |
|
|
|c 683
|d 683
|
| 020 |
|
|
|a 8176900753
|
| 082 |
|
|
|a 781.62
|b VIS
|
| 100 |
|
|
|a വിഷ്ണുനമ്പൂതിരി, എം. വി.
|
| 240 |
|
|
|a Utharakeralathile thottampattukal
|
| 245 |
|
|
|a ഉത്തരകേരളത്തിലെ തോറ്റംപാട്ടുകള്
|c എം. വി. വിഷ്ണുനമ്പൂതിരി
|
| 260 |
|
|
|a തൃശൂര് :
|b കേരള സാഹിത്യ അക്കാദമി,
|c 2005
|
| 300 |
|
|
|a 436p.
|
| 650 |
|
|
|a Poems
|
| 650 |
|
|
|a പാട്ടുകള്
|
| 700 |
|
|
|a Vishnu Namboothiri, M. V.
|
| 942 |
|
|
|2 ddc
|c BK
|
| 952 |
|
|
|0 0
|1 0
|2 ddc
|4 0
|6 781_620000000000000_VIS
|7 0
|9 673
|a MAIN
|b MAIN
|d 2013-07-04
|g 225.00
|l 9
|m 1
|o 781.62 VIS
|p 530
|r 2017-12-05
|s 2017-08-23
|w 2013-07-04
|y BK
|